Los fraudes de la productividad / (Record no. 108301)

MARC details
000 -LEADER
campo de control de longitud fija 00623nam a2200193 4500
001 - NÚMERO DE CONTROL
campo de control 108301
003 - IDENTIFICADOR DE NÚMERO DE CONTROL
campo de control ES-MaACL
005 - FECHA Y HORA DE LA ÚLTIMA TRANSACCIÓN
campo de control 20230906184623.0
007 - CAMPO FIJO DE DESCRIPCIÓN FÍSICA--INFORMACIÓN GENERAL
campo de control de longitud fija t|
008 - DATOS DE LONGITUD FIJA--INFORMACIÓN GENERAL
campo de control de longitud fija 061121s1968 sp r ||||1| spa d
100 1# - ENTRADA PRINCIPAL--NOMBRE DE PERSONA
Nombre de persona Momigliano, Franco.
9 (RLIN) 82079
245 14 - MENCIÓN DEL TÍTULO
Título Los fraudes de la productividad /
Mención de responsabilidad, etc. Franco Momigliano; prólogo de José M. Vegara; versión de José M. Vegara, José L. Rognoni.
250 ## - MENCION DE EDICION
Mención de edición 1ª. ed.
260 ## - PUBLICACIÓN, DISTRIBUCIÓN, ETC.
Lugar de publicación, distribución, etc. Barcelona :
Nombre del editor, distribuidor, etc. Nova Terra,
Fecha de publicación, distribución, etc. 1968.
300 ## - DESCRIPCIÓN FÍSICA
Extensión 425 p. ;
Dimensiones 22 cm.
700 1# - ENTRADA AGREGADA--NOMBRE PERSONAL
Nombre de persona Vegara, Josep Maria.
9 (RLIN) 113637
700 1# - ENTRADA AGREGADA--NOMBRE PERSONAL
Nombre de persona Rognoni, José L.
9 (RLIN) 98963
852 ## - LOCALIZACIÓN
Ubicación ES-MaACL
Número de control de estantería C-34612
Sublocalización o colección R.67071
Holdings
Estatus retirado Estado de pérdida Estado de daño No para préstamo Biblioteca de origen Biblioteca actual Ubicación en estantería Fecha de adquisición Fuente de adquisición Total de préstamos Signatura topográfica completa Código de barras Visto por última vez Precio de reemplazo Tipo de ítem Koha
        Biblioteca del Ateneo de Madrid Biblioteca del Ateneo de Madrid Depósito 2 17/01/2008     C-34612 1113008 23/02/2023 23/02/2023 Libro impreso